Xử lý nước cấp : Giáo trình dùng cho chuyên ngành cấp và thoát nước /

সংরক্ষণ করুন:
গ্রন্থ-পঞ্জীর বিবরন
প্রধান লেখক: Nguyễn Ngọc Dung
বিন্যাস: Sách giấy
ভাষা:Vietnamese
প্রকাশিত: Hà Nội : Xây dựng , 1999
বিষয়গুলি:
ট্যাগগুলো: ট্যাগ যুক্ত করুন
কোনো ট্যাগ নেই, প্রথমজন হিসাবে ট্যাগ করুন!
Thư viện lưu trữ: Thư viện Trường Đại học Đà Lạt
LEADER 00676nam a2200253 4500
001 DLU020018167
005 ##6/21/2001
020 # # |a 978- 
041 # # |a vie 
082 # # |a 628.162  |b NG-D 
100 # # |a Nguyễn Ngọc Dung 
245 # # |a Xử lý nước cấp :  |b Giáo trình dùng cho chuyên ngành cấp và thoát nước /  |c Nguyễn Ngọc Dung 
260 # # |a Hà Nội :  |b Xây dựng ,  |c 1999 
300 # # |a 232 tr.;   |c 26 cm. 
650 # # |a Cấp nước  |x Xử lý  |v Giáo trình. 
992 # # |a 27000 
994 # # |a DLU 
900 # # |a False 
911 # # |a Administrator 
925 # # |a G 
926 # # |a A 
927 # # |a SH 
980 # # |a Thư viện Trường Đại học Đà Lạt